=LDR 00000nam 2200000 4500 =001 INLIS000000000810198 =005 20251110085841 =035 ##$$a 0010-1125000052 =007 ta =008 251110###########################0###### =020 ##$$a 9786029955866 =082 ##$$a 297.1227 =084 ##$$a 297.1227 MIS a =245 ##$$a Adab penghafal dan pengajar al qur an /$c Syaikh Ahmad Al Mishri =260 ##$$a Sukoharjo :$b Nur cahaya ilmu,$c 2021 =300 ##$$a 64 hlm ; 21 cm =700 #$$a Arif Munandar,Lc.